| 000 | 00425nam a2200157 4500 | ||
|---|---|---|---|
| 001 | 140325 | ||
| 003 | ES-MaACL | ||
| 005 | 20230906200045.0 | ||
| 007 | t| | ||
| 008 | 070214s1971 sp r ||||1| spa d | ||
| 100 | 1 |
_aSchuster, Karl. _9104838 |
|
| 245 | 1 | 0 |
_aConstitución de la materia / _cKarl Schuster. |
| 260 |
_aMadrid : _bDossat, _c1971. |
||
| 300 |
_a64 p. : _bil. ; _c21 cm. |
||
| 852 |
_aES-MaACL _jC-46297 _bR.77393 |
||
| 999 |
_c140325 _d140325 |
||